[Event "Modena Province-ch"]
[Site "Modena"]
[Date "2009.12.12"]
[Round "4"]
[White "Venturelli, Ester"]
[Black "Serra, Mattia"]
[Result "1/2-1/2"]
[WhiteElo "1557"]
[BlackElo "1524"]
[PlyCount "45"]
[EventDate "2009.12.11"]
[EventType "swiss"]
[EventRounds "5"]
[EventCountry "ITA"]
[SourceTitle "EXT 2012"]
[Source "ChessBase"]
[SourceDate "2011.11.24"]
[SourceVersion "1"]
[SourceVersionDate "2011.11.24"]
[SourceQuality "1"]

1. e4 c6 2. d4 d5 3. e5 Bf5 4. Bd3 Bg6 5. Nf3 e6 6. Bf4 Nd7 7. Bxg6 hxg6 8. Nbd2 Qb6 9. Qc1 c5 10. Be3 cxd4 11. Bxd4 Bc5 12. c3 Ne7 13. Nb3 Bxd4 14. Nbxd4 Nc6 15. Nxc6 bxc6 16. 0-0 0-0 17. Qd2 Rab8 18. b3 Qc7 19. Qe3 c5 20. Rfe1 Rfc8 21. Ng5 Nf8 22. Qd2 c4 23. b4 1/2-1/2